Statistics for Most Corrupt Countries Bordering Each Other

Click here to take the quiz!

General Stats

  • This quiz has been taken 2,438 times
  • The average score is 17 of 21

Answer Stats

Country% Correct
Dem. Rep. of the Congo
94%
Sudan
93%
Chad
92%
Republic of the Congo
92%
South Sudan
92%
Somalia
90%
Central African Republic
89%
Libya
88%
Kenya
87%
Eritrea
85%
Uganda
85%
Angola
83%
Burundi
79%
Iraq
77%
Syria
76%
Afghanistan
74%
Turkmenistan
70%
Cameroon
68%
Tajikistan
68%
Uzbekistan
67%
Equatorial Guinea
60%

Score Distribution

Percentile by Number Answered

Percent of People with Each Score

Your Score History

You have not taken this quiz